ভারতীয়-আর্য সাহিত্যের ইতিহাস / (Record no. 41292)
[ view plain ]
| 000 -LEADER | |
|---|---|
| fixed length control field | 01125nam a2200277 a 4500 |
| 001 - CONTROL NUMBER | |
| control field | 41292 |
| 003 - CONTROL NUMBER IDENTIFIER | |
| rucl marc code | BD-RjUL |
| 005 - DATE AND TIME OF LATEST TRANSACTION | |
| control field | 20211209053348.0 |
| 008 - FIXED-LENGTH DATA ELEMENTS--GENERAL INFORMATION | |
| fixed length control field | 160528s2004 ii ||||| |||| 001 0 ben d |
| 020 ## - INTERNATIONAL STANDARD BOOK NUMBER | |
| International Standard Book Number | 8170791618 |
| Terms of availability | : Tk. 150.00 |
| 035 ## - SYSTEM CONTROL NUMBER | |
| System control number | (BD-RjUL) 41409 |
| 040 ## - CATALOGING SOURCE | |
| Original cataloging agency | BD-RjUL |
| Language of cataloging | ben |
| Transcribing agency | BD-RjUL |
| 041 ## - LANGUAGE CODE | |
| Language code of text/sound track or separate title | ben |
| 082 ## - DEWEY DECIMAL CLASSIFICATION NUMBER | |
| Edition number | 23 |
| Classification number | 891.109 |
| Author mark and year | SEB 2004 |
| 100 ## - MAIN ENTRY--PERSONAL NAME | |
| Personal name | সেন, সুকুমার |
| 9 (RLIN) | 127011 |
| 245 10 - TITLE STATEMENT | |
| Title | ভারতীয়-আর্য সাহিত্যের ইতিহাস / |
| Statement of responsibility, etc. | সুকুমার সেন |
| 250 ## - EDITION STATEMENT | |
| Edition statement | ২য় সং. |
| 260 ## - PUBLICATION, DISTRIBUTION, ETC. (IMPRINT) | |
| Place of publication, distribution, etc. | কলিকাতা : |
| Name of publisher, distributor, etc. | দে'জ পাবলিশিং, |
| Date of publication, distribution, etc. | ২০০৪ |
| 300 ## - PHYSICAL DESCRIPTION | |
| Pagination | ২৮৮ পৃ. ; |
| Size | ২২ সেমি. |
| 500 ## - GENERAL NOTE | |
| General note | নির্ঘণ্ট সংযুক্ত |
| 650 ## - SUBJECT ADDED ENTRY--TOPICAL TERM | |
| Topical term or geographic name as entry element | ভারতীয় সাহিত্য |
| General subdivision | ইতিহাস ও সমালোচনা |
| Chronological subdivision | ১৫০০ - |
| 9 (RLIN) | 127012 |
| Topical term or geographic name as entry element | Indic literature |
| General subdivision | History and criticism |
| Chronological subdivision | To 1500 |
| 9 (RLIN) | 127013 |
| Topical term or geographic name as entry element | ভারতীয় সাহিত্য |
| 9 (RLIN) | 127014 |
| Topical term or geographic name as entry element | Indic literature |
| 9 (RLIN) | 127015 |
| 942 ## - ADDED ENTRY ELEMENTS (KOHA) | |
| Source of classification or shelving scheme | Dewey Decimal Classification |
| Koha item type | Books |
| Lost status | Source of classification or shelving scheme | Damaged status | Not for loan | Collection code | Permanent Location | Current Location | Shelving location | Date acquired | Source of acquisition | Cost, normal purchase price | Total Checkouts | Full call number | Date last seen | Copy number | Koha item type | Date checked out |
|---|---|---|---|---|---|---|---|---|---|---|---|---|---|---|---|---|
| Dewey Decimal Classification | Non-fiction | Central Library, University of Rajshahi | Central Library, University of Rajshahi | 11/03/2008 | Paragon Enterprise Lit., Dhaka | 150.00 | B 891.109 SEB 2004 | 28/05/2016 | C-3 | Books | ||||||
| Dewey Decimal Classification | Non-fiction | Central Library, University of Rajshahi | Central Library, University of Rajshahi | 11/03/2008 | Paragon Enterprise Lit., Dhaka | 150.00 | B 891.109 SEB 2004 | 16/07/2016 | C-2 | Books | ||||||
| Dewey Decimal Classification | Non-fiction | Central Library, University of Rajshahi | Central Library, University of Rajshahi | 11/03/2008 | Paragon Enterprise Lit., Dhaka | 150.00 | B 891.109 SEB 2004 | 13/08/2016 | C-4 | Books | ||||||
| Dewey Decimal Classification | Non-fiction | Central Library, University of Rajshahi | Central Library, University of Rajshahi | 11/03/2008 | Paragon Enterprise Lit., Dhaka | 150.00 | B 891.109 SEB 2004 | 13/08/2016 | C-5 | Books | ||||||
| Dewey Decimal Classification | Non-fiction | Central Library, University of Rajshahi | Central Library, University of Rajshahi | 11/03/2008 | Paragon Enterprise Lit., Dhaka | 150.00 | 1 | B 891.109 SEB 2004 | 18/03/2020 | C-6 | Books | 13/01/2020 |